Исследование нанодисперсного материала YBa[x]Cu[y]O[z], полученного с помощью высокоскростной плазменной струи; Ломоносов-2016

Sonraí bibleagrafaíochta
Parent link:Ломоносов-2016.— 2016.— [1 с.]
Príomhchruthaitheoir: Циммерман А. И. Александр Игоревич
Údar corparáideach: Национальный исследовательский Томский политехнический университет (ТПУ) Энергетический институт (ЭНИН) Кафедра электроснабжения промышленных предприятий (ЭПП)
Rannpháirtithe: Гуков М. И., Шаненкова Ю. Л. Юлия Леонидовна
Achoimre:Заглавие с экрана
Teanga:Rúisis
Foilsithe / Cruthaithe: 2016
Sraith:Фундаментальное материаловедение и наноматериалы
Ábhair:
Rochtain ar líne:http://lomonosov-msu.ru/archive/Lomonosov_2016/data/8298/uid107574_430cfb5635ab9d0e0bf2a42845abb1048a91e59a.doc
Formáid: Leictreonach Caibidil leabhair
KOHA link:https://koha.lib.tpu.ru/cgi-bin/koha/opac-detail.pl?biblionumber=648715

MARC

LEADER 00000naa0a2200000 4500
001 648715
005 20250905140656.0
035 |a (RuTPU)RU\TPU\network\13874 
035 |a RU\TPU\network\13868 
090 |a 648715 
100 |a 20160601d2016 k y0rusy50 ca 
101 0 |a rus 
102 |a RU 
135 |a drgn ---uucaa 
181 0 |a i  
182 0 |a b 
200 1 |a Исследование нанодисперсного материала YBa[x]Cu[y]O[z], полученного с помощью высокоскростной плазменной струи  |f А. И. Циммерман, М. И. Гуков, Ю. Л. Шаненкова 
203 |a Текст  |c электронный 
225 1 |a Фундаментальное материаловедение и наноматериалы 
300 |a Заглавие с экрана 
320 |a [Библиогр.: 2 назв.] 
463 |t Ломоносов-2016  |o материалы XXIII Международной молодежной научной конференции студентов, аспирантов и молодых ученых, 11-15 апреля, 2016 г., Москва  |f Московский государственный университет им. М. В. Ломоносова (МГУ)  |v [1 с.]  |d 2016 
610 1 |a электронный ресурс 
610 1 |a труды учёных ТПУ 
610 1 |a нанодисперсные материалы 
610 1 |a высокоскоростные струи 
610 1 |a плазменные струи 
610 1 |a высокотемпературные сверхпроводники 
610 1 |a плазмодинамический синтез 
700 1 |a Циммерман  |b А. И.  |c специалист в области электроэнергетики  |c инженер Томского политехнического университета  |f 1996-  |g Александр Игоревич  |3 (RuTPU)RU\TPU\pers\46725  |9 22361 
701 1 |a Гуков  |b М. И. 
701 1 |a Шаненкова  |b Ю. Л.  |c специалист в области электроэнергетики  |c доцент Томского политехнического университета, кандидат технических наук  |f 1991-  |g Юлия Леонидовна  |3 (RuTPU)RU\TPU\pers\34117  |9 17657 
712 0 2 |a Национальный исследовательский Томский политехнический университет (ТПУ)  |b Энергетический институт (ЭНИН)  |b Кафедра электроснабжения промышленных предприятий (ЭПП)  |3 (RuTPU)RU\TPU\col\18676 
801 2 |a RU  |b 63413507  |c 20210118  |g RCR 
856 4 |u http://lomonosov-msu.ru/archive/Lomonosov_2016/data/8298/uid107574_430cfb5635ab9d0e0bf2a42845abb1048a91e59a.doc 
942 |c CF